| 000 | 00612nam a22001817a 4500 | ||
|---|---|---|---|
| 005 | 20260408134741.0 | ||
| 008 | 260408b |||||||| |||| 00| 0 eng d | ||
| 040 |
_aLC _cUNZA _dUNZA _eRDA |
||
| 050 |
_aZAMB BV 3700 _b THO 1897 |
||
| 100 | _aThornton, Douglas M. | ||
| 245 |
_aAfrica waiting or the problem of Africa's evangelization / _cDouglas M. Thornton |
||
| 260 |
_aLondon: _bStudent Volunteer Missionary Union, _c1897. |
||
| 300 | _axii, 148 pages. | ||
| 650 | _aMissionary work in Africa | ||
| 650 | _aAfrican independent churches | ||
| 650 |
_aDecolonizing Christianity _xDebates |
||
| 942 | _cZAMBIANA | ||
| 999 |
_c216561 _d216561 |
||